| 000 | 01148cam a2200253 a 4500 | ||
|---|---|---|---|
| 003 | Biblioteca Akishino | ||
| 005 | 20260601200046.0 | ||
| 008 | 100525s2025 ar | |||| 000 f spa | ||
| 020 | _a9789569673535 | ||
| 040 |
_aSpMaBN _cSpMaBN _erdc |
||
| 041 | 1 |
_aspa _hjpn |
|
| 082 | 0 |
_a895.634 _bSO715ku.E 2025 |
|
| 100 | 1 |
_aNatsume, Sōseki, _d1867-1916 _9105 |
|
| 240 | 1 | 0 |
_aKusamakura. _lEspañol |
| 245 | 1 | 0 |
_aMi almohada de hierbas / _cNatsume Soseki ; traducción de Amalia Sato y Alejandro Güerri. |
| 250 | _a1a ed. | ||
| 260 |
_aArgentina : _bAbducción, _c2025. |
||
| 520 | _aEn esta novela haiku, un artista viaja a un remoto pueblo de montaña buscando la distancia necesaria para transformar la vida en arte. Sus observaciones que mezclan poesía, pintura y reflexión se convierten en una suerte de cuaderno de notas para creadores, una declaración estética en la que los gestos cotidianos se examinan como si fueran parte de un vasto lienzo. | ||
| 650 | 7 |
_aNarrativa japonesa _2LOCAL _91368 |
|
| 655 | 0 |
_aNovela _91469 |
|
| 700 | 1 |
_aSato, Amalia _etr. _9179 |
|
| 700 | 1 |
_aGüerri, Alejandro, _d1976- _etr. _91681 |
|
| 942 |
_2ddc _cLIBRO |
||
| 999 |
_c946 _d946 |
||